Central Library OPAC University of Rajshahi

George Eliot : (Record no. 17014)

MARC details
000 -LEADER
fixed length control field 00806cam a22002651 4500
001 - CONTROL NUMBER
control field 17014
003 - CONTROL NUMBER IDENTIFIER
rucl marc code BD-RjUL
005 - DATE AND TIME OF LATEST TRANSACTION
control field 20211209000057.0
008 - FIXED-LENGTH DATA ELEMENTS--GENERAL INFORMATION
fixed length control field 140216r19681963xx 001 0 eng
035 ## - SYSTEM CONTROL NUMBER
System control number (BD-RjUL)17071
System control number (OCoLC)359990
040 ## - CATALOGING SOURCE
Original cataloging agency DLC
Transcribing agency ODaWU
Modifying agency OCoLC
-- DLC
-- BD-RjUL
Language of cataloging eng
041 ## - LANGUAGE CODE
Language code of text/sound track or separate title eng
082 04 - DEWEY DECIMAL CLASSIFICATION NUMBER
Classification number 813.5
Author mark and year DAG 1968
100 1# - MAIN ENTRY--PERSONAL NAME
Personal name Daiches, David,
Dates associated with a name 1912-2005.
9 (RLIN) 52486
245 10 - TITLE STATEMENT
Title George Eliot :
Remainder of title Middlemarch /
Statement of responsibility, etc. David Daiches.
260 ## - PUBLICATION, DISTRIBUTION, ETC. (IMPRINT)
Place of publication, distribution, etc. Great Neck, N.Y. :
Name of publisher, distributor, etc. Barron's Educational Series, inc.,
Date of publication, distribution, etc. c1963 [Reprinted 1968].
300 ## - PHYSICAL DESCRIPTION
Pagination 72 p. ;
Size 20 cm.
490 0# - SERIES STATEMENT
Series statement Studies in English literature,
Volume/sequential designation no. 11
504 ## - BIBLIOGRAPHY, ETC. NOTE
Bibliography, etc Bibliography: p. [70]
600 10 - SUBJECT ADDED ENTRY--PERSONAL NAME
Personal name Eliot, George,
Dates associated with a name 1819-1880.
942 ## - ADDED ENTRY ELEMENTS (KOHA)
Source of classification or shelving scheme Dewey Decimal Classification
Koha item type Books
Holdings
Lost status Source of classification or shelving scheme Damaged status Not for loan Collection code Permanent Location Current Location Shelving location Date acquired Source of acquisition Cost, normal purchase price Total Checkouts Full call number Date last seen Copy number Koha item type
  Dewey Decimal Classification   Not For Loan Non-fiction Central Library, University of Rajshahi Central Library, University of Rajshahi Reading Room 27/11/1969 Zeit 10.60   813.5 DAG 1968 16/02/2014 C-1 Books